00398nam a2200157Ia 4500003000900000008004100009020001600050040001600066080001500082100001900097245003500116260003600151300001600187650001800203650001900221IN-BaIIA211028s9999 xx 000 0 eng d a471-20629-6 cIIA Library a533bDEL-2 aDelcroix, J. L 0aPlasma physicscJ. L. Delcroix aLondonbJohn Wiley & Sonsc1968 aviii, 188p. aIonized gases aPlasma physics